Denver Nuggets leading scorer each game (2024-2025 season) - Statistics

General Stats
  • This quiz has been taken 36 times
  • The average score is 6 of 7
Answer Stats
# of games Player % Correct
44 Nikola Jokic
100%
17 Jamal Murray
97%
7 Aaron Gordon
88%
6 Michael Porter Jr.
88%
6 Russell Westbrook
70%
1 Christian Braun
67%
1 Julian Strawther
45%
No matching quizzes found
Score Distribution
Percent of People with Each Score
Percentile by Number Answered
Your Score History
You have not taken this quiz